[Event "Reykjavik Open 2024"]
[Site "Reykjavik ISL"]
[Date "2024.03.17"]
[Round "4.68"]
[White "Manenschijn, Wouter"]
[Black "Ornolfsson, Magnus P."]
[Result "0-1"]
[WhiteElo "1864"]
[BlackElo "2163"]
[WhiteFideId "1043366"]
[BlackFideId "2301016"]
[EventDate "2024.03.15"]

1. e4 e5 2. Nf3 Nc6 3. Bc4 Bc5 4. c3 Nf6 5. d3 d6 6. Bb3 O-O 7. O-O Bg4 8. h3
Bh5 9. Re1 Re8 10. Nbd2 a6 11. Nf1 Ba7 12. Ng3 Bg6 13. Bg5 h6 14. Be3 Nh5 15.
Nf5 Bxf5 16. exf5 Nf6 17. Qd2 Bxe3 18. Rxe3 d5 19. Rae1 Qd6 20. d4 e4 21. Nh2
Ne7 22. g4 c5 23. dxc5 Qxc5 24. Kh1 Rad8 25. Rg1 d4 26. cxd4 Rxd4 27. Qe2 Red8
28. g5 hxg5 29. Rxg5 Nxf5 30. Rc3 Qe5 31. Ng4 Ng3+ 32. Rxg3 Qxg5 33. Ne3 Qf4 0-1

[Event "Reykjavik Open 2024"]
[Site "Reykjavik ISL"]
[Date "2024.03.17"]
[Round "4.69"]
[White "Helgadottir, Idunn"]
[Black "Pujari, Rucha"]
[Result "0-1"]
[BlackTitle "WIM"]
[WhiteElo "1849"]
[BlackElo "2147"]
[WhiteFideId "2314118"]
[BlackFideId "5024528"]
[EventDate "2024.03.15"]

1. d4 d5 2. Nf3 Nf6 3. e3 e6 4. Bd3 c5 5. b3 Be7 6. Bb2 b6 7. Nbd2 Bb7 8. O-O
Nc6 9. a3 O-O 10. Ne5 Re8 11. f4 Bf8 12. Qf3 Rc8 13. g4 c4 14. bxc4 dxc4 15.
Nexc4 b5 16. Ne5 Nxe5 17. Qxb7 Nxd3 18. cxd3 Rc2 19. Bc1 Nxg4 20. Qf3 f5 21. h3
Nf6 22. Rf2 Qc7 23. Qd1 Rc8 24. Nb3 Qc3 25. Qxc2 Qxc2 26. Rxc2 Rxc2 27. Rb1 Nd5
28. Kf1 Kf7 29. Ke1 Be7 30. Kd1 Rh2 31. Ke1 Nxe3 32. Bxe3 Rh1+ 33. Kd2 Rxb1 34.
Nc5 Ra1 35. Kc2 Rxa3 36. Bd2 Ra2+ 37. Kc1 Bxc5 38. dxc5 Ke7 39. Be3 g6 40. h4
Kd7 41. d4 Kc6 42. Kb1 Rh2 43. Kc1 Rxh4 0-1

[Event "Reykjavik Open 2024"]
[Site "Reykjavik ISL"]
[Date "2024.03.17"]
[Round "4.70"]
[White "Demir, Hilmi Mustafa"]
[Black "Markuszewski, Maksymilian"]
[Result "1/2-1/2"]
[WhiteElo "1842"]
[BlackElo "2141"]
[WhiteFideId "6303099"]
[BlackFideId "651018306"]
[EventDate "2024.03.15"]

1. d4 d5 2. c4 c6 3. Nf3 Nf6 4. Nc3 e6 5. Bg5 dxc4 6. e4 b5 7. e5 h6 8. Bh4 g5
9. Nxg5 hxg5 10. Bxg5 Nbd7 11. g3 Bb7 12. Bg2 Qb6 13. exf6 c5 14. d5 O-O-O 15.
O-O b4 16. Rb1 Qa6 17. dxe6 Bxg2 18. e7 Bxf1 19. Kxf1 Bxe7 20. fxe7 Rdg8 21. Ne4
c3+ 22. Kg1 Rxg5 23. Nxg5 Qg6 24. bxc3 Qxg5 25. Qe2 Qe5 26. Qa6+ Kb8 27. Qb5+
Kc7 28. cxb4 Qxe7 29. Qa5+ Kb7 30. bxc5+ Ka8 31. c6 Ne5 32. Qd5 Qe6 33. Qxe6
fxe6 34. c7 Rc8 1/2-1/2

[Event "Reykjavik Open 2024"]
[Site "Reykjavik ISL"]
[Date "2024.03.17"]
[Round "4.71"]
[White "Reynaud, Frederic"]
[Black "Briem, Benedikt"]
[Result "0-1"]
[WhiteElo "1840"]
[BlackElo "2102"]
[WhiteFideId "2624338"]
[BlackFideId "2315432"]
[EventDate "2024.03.15"]

1. d4 d5 2. Nf3 Nf6 3. Bf4 e6 4. e3 c5 5. Nc3 Bd6 6. Bg3 O-O 7. dxc5 Bxg3 8.
hxg3 Qa5 9. a3 Qxc5 10. Bd3 h6 11. Ne5 Nbd7 12. Ng4 Nxg4 13. Qxg4 Ne5 14. Qe2
Bd7 15. g4 Rfc8 16. O-O-O a5 17. a4 Qb4 18. f4 Nc4 19. Bxc4 Qxc4 20. Rd4 Qxe2
21. Nxe2 Rc7 22. Rhd1 Bc6 23. b3 b5 24. Nc3 Rac8 25. R4d3 Be8 26. Kd2 b4 27. Ne2
Rxc2+ 28. Ke1 Rb2 29. R1d2 Rxd2 30. Kxd2 f6 31. f5 Bf7 32. Nf4 exf5 33. Nxd5
Bxd5 34. Rxd5 fxg4 35. Rxa5 Rc3 36. Rb5 Rxb3 37. Kc2 Rxe3 38. Rxb4 Re2+ 39. Kb1
h5 40. a5 Re5 41. Ra4 Re7 42. Kc2 Kf8 43. Kd3 Ke8 44. a6 Ra7 45. Ke4 h4 46. Kf5
h3 47. Rxg4 Kf7 48. gxh3 Rxa6 49. Rb4 Ra5+ 50. Kf4 Rg5 51. h4 Rg1 52. Kf3 Kg8
53. Rb8+ Kh7 54. Kf4 Kg6 55. Rh8 Rf1+ 56. Kg3 Ra1 57. Kg4 Ra3 58. Kf4 Ra4+ 59.
Kg3 Rc4 60. Kf3 Rd4 61. Kg3 Re4 62. Kf3 Re5 63. Kg4 Rb5 64. Ra8 Rb4+ 65. Kg3 Kh7
66. Rc8 Re4 67. Ra8 Kg6 68. Rh8 Kf7 69. Ra8 Re8 70. Ra4 Kg6 71. Kg4 Kh6 72. Ra5
g6 73. Ra7 f5+ 74. Kg3 Re3+ 75. Kg2 Kh5 76. Rh7+ Kg4 77. h5 g5 78. h6 Re2+ 79.
Kf1 Ra2 80. Rb7 f4 81. h7 Rh2 82. Kg1 Rh4 83. Kf2 Rh6 84. Ra7 Kf5 85. Kf3 Kg6
86. h8=Q Rxh8 87. Ra6+ Kh5 88. Ra1 Re8 89. Rh1+ Kg6 90. Kg4 Re3 91. Rg1 Re2 92.
Kf3 Rb2 93. Kg4 Ra2 94. Rb1 Rg2+ 95. Kf3 Rg3+ 96. Kf2 Ra3 97. Rb2 Kf5 98. Kg2
Kg4 99. Kf2 Rh3 100. Rb5 Rh2+ 101. Kf1 Ra2 0-1

[Event "Reykjavik Open 2024"]
[Site "Reykjavik ISL"]
[Date "2024.03.17"]
[Round "4.72"]
[White "Hauksson, Bjorgvin Jonas"]
[Black "Reimer, Philip"]
[Result "0-1"]
[WhiteElo "1836"]
[BlackElo "2095"]
[WhiteFideId "2314223"]
[BlackFideId "16235860"]
[EventDate "2024.03.15"]

1. e4 c5 2. Nf3 e6 3. d3 Nc6 4. Nc3 d5 5. exd5 exd5 6. Bf4 Nf6 7. Qd2 Bd6 8. Be2
O-O 9. O-O a6 10. a4 Re8 11. Bg5 Be7 12. Rab1 d4 13. Na2 b5 14. axb5 axb5 15.
Nc1 Nd5 16. Nb3 Qd6 17. Rfe1 Bf8 18. Bh4 Bf5 19. Bg3 Qd7 20. c3 dxc3 21. bxc3 b4
22. cxb4 Ndxb4 23. Rbd1 Ra2 24. Qc3 Rc2 25. Qa1 Rcxe2 26. Rxe2 Rxe2 27. d4 Nc2
28. Qa6 Re8 29. d5 N6d4 30. Nbxd4 Nxd4 31. Nxd4 cxd4 32. d6 d3 33. f3 Bg6 34.
Qb6 Qa4 35. Re1 0-1

[Event "Reykjavik Open 2024"]
[Site "Reykjavik ISL"]
[Date "2024.03.17"]
[Round "4.73"]
[White "Fossheim, Yngve"]
[Black "Novak, Vjekoslav"]
[Result "1-0"]
[WhiteElo "2090"]
[BlackElo "1833"]
[WhiteFideId "1512277"]
[BlackFideId "14511584"]
[EventDate "2024.03.15"]

1. d4 f5 2. e4 fxe4 3. Nc3 Nf6 4. Bg5 g6 5. f3 d5 6. fxe4 dxe4 7. Qd2 Bg7 8. Bc4
h6 9. Bf4 Bg4 10. h3 g5 11. Be3 Bh5 12. g4 Bg6 13. O-O-O a6 14. h4 Nxg4 15. hxg5
Nxe3 16. Qxe3 h5 17. Nh3 Qd6 18. Nf4 Bf7 19. Bxf7+ Kxf7 20. Nxe4 Qc6 21. Nc5 e6
22. Ncxe6 Re8 23. Qd3 Rxe6 24. Nxe6 Qxe6 25. Rdf1+ Kg8 26. Rxh5 1-0

[Event "Reykjavik Open 2024"]
[Site "Reykjavik ISL"]
[Date "2024.03.17"]
[Round "4.74"]
[White "Dhruv Rattan"]
[Black "Payne, Matthew J"]
[Result "0-1"]
[WhiteElo "1831"]
[BlackElo "2077"]
[WhiteFideId "45007993"]
[BlackFideId "417084"]
[EventDate "2024.03.15"]

1. e4 e6 2. d4 d5 3. e5 c5 4. c3 Nc6 5. Nf3 Qb6 6. a3 c4 7. Nbd2 Na5 8. Rb1 Bd7
9. h4 Nh6 10. b4 cxb3 11. Nxb3 Ba4 12. Nfd2 Rc8 13. Rh3 Nc4 14. Qh5 Qc6 15. Rf3
Rc7 16. Bd3 Nxa3 17. Ra1 Nc4 18. Bxc4 dxc4 19. Na5 Qd7 20. Naxc4 Qb5 21. Rb1 Qd5
22. Ne3 Qd7 23. Ndc4 Nf5 24. Nxf5 Rxc4 25. Ng3 Bc6 26. Rd3 b5 27. f3 b4 28. Bd2
Ba4 29. Rb2 b3 30. Ne4 Qb5 31. Ke2 Ba3 32. d5 Rxe4+ 33. fxe4 Bxb2 34. dxe6 O-O
35. exf7+ Rxf7 36. c4 Qxc4 37. e6 Qxe4+ 38. Re3 Qc4+ 39. Rd3 Qxe6+ 40. Be3 Rd7 0-1

[Event "Reykjavik Open 2024"]
[Site "Reykjavik ISL"]
[Date "2024.03.17"]
[Round "4.75"]
[White "Jaksland, Tim"]
[Black "Carr, Jay"]
[Result "1-0"]
[WhiteTitle "FM"]
[WhiteElo "2076"]
[BlackElo "1826"]
[WhiteFideId "1401084"]
[BlackFideId "30922690"]
[EventDate "2024.03.15"]

1. e4 c5 2. c3 Nf6 3. e5 Nd5 4. Nf3 e6 5. d4 cxd4 6. cxd4 Be7 7. Bc4 d6 8. O-O
O-O 9. Qe2 b6 10. Rd1 Nd7 11. Bxd5 exd5 12. Nc3 Bb7 13. e6 Nf6 14. Ng5 Ne4 15.
exf7+ Rxf7 16. Nxf7 Kxf7 17. Nxe4 dxe4 18. d5 Bf6 19. Qxe4 Qd7 20. Be3 Re8 21.
Qxh7 Qg4 22. h3 Qe4 23. Qxe4 Rxe4 24. Rac1 Bxb2 25. Rc7+ Re7 26. Rxe7+ Kxe7 27.
Bd4 Bxd4 28. Rxd4 Kf6 29. f4 1-0

[Event "Reykjavik Open 2024"]
[Site "Reykjavik ISL"]
[Date "2024.03.17"]
[Round "4.76"]
[White "Weigand, Anton"]
[Black "Nicholson, Devin"]
[Result "1-0"]
[WhiteElo "2036"]
[BlackElo "1822"]
[WhiteFideId "16221915"]
[BlackFideId "2645394"]
[EventDate "2024.03.15"]

1. e4 c5 2. c3 Nf6 3. e5 Nd5 4. Bc4 Nb6 5. Bb3 d6 6. exd6 Qxd6 7. Na3 a5 8. Ne2
Nc6 9. O-O Bf5 10. d4 cxd4 11. Bf4 e5 12. Nxd4 Nxd4 13. Bxe5 Qxe5 14. Re1 Be4
15. cxd4 Rd8 16. dxe5 Rxd1 17. Raxd1 Bxa3 18. Rxe4 Be7 19. e6 f6 20. Re2 Nc8 21.
Rc2 O-O 22. Rc7 b6 23. Rdc1 1-0

[Event "Reykjavik Open 2024"]
[Site "Reykjavik ISL"]
[Date "2024.03.17"]
[Round "4.77"]
[White "Geirsson, Kristjan"]
[Black "Halldorsson, Bragi"]
[Result "0-1"]
[WhiteElo "1819"]
[BlackElo "2056"]
[WhiteFideId "2313596"]
[BlackFideId "2300907"]
[EventDate "2024.03.15"]

1. e4 c6 2. d4 d5 3. Nd2 dxe4 4. Nxe4 Bf5 5. Ng3 Bg6 6. h4 h6 7. Nf3 Nd7 8. h5
Bh7 9. Bd3 Ngf6 10. Bxh7 Nxh7 11. Qd3 e6 12. Bd2 Nhf6 13. Ne4 Nxe4 14. Qxe4 Nf6
15. Qe2 Be7 16. O-O-O Qd5 17. c4 Qe4 18. Qxe4 Nxe4 19. Be3 O-O 20. Ne5 c5 21.
Nd7 Rfc8 22. d5 exd5 23. Rxd5 Nd6 24. b3 b6 25. Rhd1 Ne8 26. g4 f6 27. Bf4 Rd8
28. a4 Rac8 29. Kc2 Kf7 30. f3 Ke6 31. Re1+ Kf7 32. Bb8 Nc7 33. Rd3 Ne6 34. Bxa7
Nd4+ 35. Kb2 Rxd7 36. Bxb6 Bd8 37. Bxc5 Rxc5 38. Red1 Bc7 39. Ka2 Be5 40. f4 Ke6
41. fxe5 fxe5 42. Kb2 Rf7 43. R1d2 Rf3 44. Rxf3 Nxf3 45. Rf2 e4 46. Kc3 Ke5 47.
b4 Rc8 48. a5 Nd4 49. Rf7 Nb5+ 50. Kb3 Nd6 51. Rxg7 Nxc4 52. a6 e3 53. a7 Nd2+
54. Ka4 Ne4 55. Rc7 Ra8 56. Re7+ Kd4 57. Rd7+ Kc4 58. Rc7+ Kd5 59. Rd7+ Kc6 60.
Re7 Rxa7+ 61. Rxa7 e2 0-1

[Event "Reykjavik Open 2024"]
[Site "Reykjavik ISL"]
[Date "2024.03.17"]
[Round "4.78"]
[White "Arun, Nitish"]
[Black "Skarphedinsson, Ingvar Wu"]
[Result "0-1"]
[WhiteElo "1808"]
[BlackElo "2049"]
[WhiteFideId "2524201"]
[BlackFideId "2316943"]
[EventDate "2024.03.15"]

1. d4 d5 2. c4 e6 3. Nc3 Nf6 4. Nf3 a6 5. e3 Be7 6. Bd3 O-O 7. O-O dxc4 8. Bxc4
b5 9. Be2 Bb7 10. b3 Nbd7 11. Bb2 c5 12. Rc1 Rc8 13. dxc5 Nxc5 14. Nd4 Qb6 15.
b4 Nce4 16. Nxe4 Nxe4 17. Bd3 Rxc1 18. Qxc1 Bxb4 19. Bxe4 Bxe4 20. Ba3 Bxa3 21.
Qxa3 Rc8 22. Rc1 Qb7 23. f3 Bd5 24. Rxc8+ Qxc8 25. e4 Bc4 26. Nb3 Bxb3 27. axb3
h6 28. b4 Qc2 29. h3 Kh7 30. Kh2 Qc4 31. Kg3 Kg6 32. Kf2 Qc2+ 33. Kg3 Qd2 34. f4
h5 35. f5+ Kh7 36. fxe6 Qd6+ 37. Kf3 Qxe6 38. Qd3 Qf6+ 39. Kg3 Qe5+ 40. Kf3 h4
41. Ke2 g6 42. Qd5 Qb2+ 43. Kd3 Qb1+ 44. Kc3 Qe1+ 45. Kd3 Qf1+ 46. Kc3 Kg7 47.
Qe5+ f6 48. Qe7+ Kh6 49. Qf8+ Kh5 50. Qc5+ Kh6 51. Qf8+ Kg5 52. Qc5+ Kf4 53.
Qd6+ Kg5 54. Qc5+ Kf4 55. Qd6+ Kg5 56. Qc5+ Kh6 57. Qf8+ Kh5 58. Qc5+ f5 59.
exf5 gxf5 60. Qf8 Qc4+ 61. Kb2 Qe2+ 62. Kc3 Qe3+ 63. Kb2 Qe5+ 64. Kc2 Qe4+ 65.
Kc3 Qe5+ 66. Kc2 Qc7+ 67. Kd3 Kg5 68. Ke3 Qg3+ 69. Kd4 Qf2+ 70. Kd3 Qf1+ 71. Kc3
Qe1+ 72. Kc2 Qe4+ 73. Kc3 Kf4 74. Qh6+ Kg3 75. Qg5+ Kh2 76. Qg6 Qc4+ 77. Kd2
Qxb4+ 78. Kc2 Qe4+ 79. Kd2 Qxg2+ 80. Qxg2+ Kxg2 0-1

[Event "Reykjavik Open 2024"]
[Site "Reykjavik ISL"]
[Date "2024.03.17"]
[Round "4.79"]
[White "Krassel, Timofei"]
[Black "Petersen, Elias"]
[Result "1-0"]
[WhiteElo "2035"]
[BlackElo "1808"]
[WhiteFideId "55733948"]
[BlackFideId "7202725"]
[EventDate "2024.03.15"]

1. e4 c5 2. Nf3 e6 3. d4 cxd4 4. Nxd4 a6 5. Bd3 d6 6. O-O Nd7 7. c4 Be7 8. Nc3
Ngf6 9. Qe2 Qc7 10. f4 b6 11. Be3 Bb7 12. f5 e5 13. Nb3 Nc5 14. Nxc5 dxc5 15.
Rae1 Bc6 16. Bf2 Bd6 17. Bh4 Be7 18. Rf3 O-O-O 19. Bxf6 Bxf6 20. Nd5 Qb7 21. b4
Be7 22. b5 axb5 23. Rb1 Rd6 24. Kh1 Rf8 25. Rff1 h6 26. Rfd1 Rfd8 27. h3 f6 28.
Kh2 Bf8 29. Rdc1 Qa7 30. Rb3 R8d7 31. Rc2 Qb7 32. cxb5 Bxd5 33. exd5 Qa8 34. Qh5
Kd8 35. Bc4 Ra7 36. Qe2 Ke7 37. Re3 Kd8 38. Bb3 Ra5 39. h4 Qa7 40. a4 Qd7 41.
Qd3 Qf7 42. g4 Ra7 43. Ra2 Ra5 44. Kg3 Be7 45. Qe2 Kc8 46. Rc3 Bd8 47. Qe4 Bc7
48. Kg2 Bd8 49. Ra1 Kc7 50. Re1 Ra7 51. Qe3 Kb8 52. Ra1 Ra5 53. Kf3 Qe8 54. Rc2
Qd7 55. Re1 Ra7 56. Qd2 Ra5 57. Re4 Ra7 58. Ke2 Ra5 59. Kd1 Ra7 60. Kc1 Ra5 61.
Qf2 Ra7 62. Kb1 Qe8 63. Rce2 Qf7 64. Kb2 Kc8 65. Ka3 Qd7 66. Bc4 Qb7 67. Qg3 Qd7
68. Qf3 Be7 69. g5 hxg5 70. hxg5 Kb7 71. Rh2 Ra8 72. Rh7 Rg8 73. g6 Qc8 74. Kb3
Kc7 75. Reh4 Kd7 76. Qc3 Qa8 77. a5 Bd8 78. a6 Be7 79. Qh3 Bf8 80. Rh8 Rxh8 81.
Rxh8 Ke7 82. Qh7 Rd8 83. Rxf8 Rxf8 84. Qxg7+ Kd6 85. a7 Qc8 86. Bd3 Qa8 87. Be4
c4+ 88. Kxc4 Qc8+ 89. Kd3 Kc5 90. d6 Kb4 91. Qc7 Qe8 92. Qc4+ Ka5 93. a8=Q+ 1-0

[Event "Reykjavik Open 2024"]
[Site "Reykjavik ISL"]
[Date "2024.03.17"]
[Round "4.80"]
[White "Rajendran, Ishaan"]
[Black "Paasikangas, Johanna"]
[Result "0-1"]
[BlackTitle "FM"]
[WhiteElo "1806"]
[BlackElo "2046"]
[WhiteFideId "39910032"]
[BlackFideId "500879"]
[EventDate "2024.03.15"]

1. d4 g6 2. Bf4 Bg7 3. Nc3 d6 4. e4 Nd7 5. Qd2 c5 6. Be3 cxd4 7. Bxd4 Ngf6 8.
O-O-O O-O 9. h4 Qa5 10. Kb1 Re8 11. f3 Nf8 12. Bxf6 exf6 13. Nb5 Qxd2 14. Rxd2
Re7 15. Rxd6 f5 16. Rd8 fxe4 17. fxe4 Rxe4 18. Nf3 Bf6 19. Rxc8 Rxc8 20. Nd6 Rd8
21. Bd3 Re6 22. Nxf7 Kxf7 23. Bc4 Ke7 24. Bxe6 Nxe6 25. c3 Rd5 26. Re1 b5 27.
Kc2 a5 28. a3 Kf7 29. g4 h6 30. Rf1 Kg7 31. Re1 Nf4 32. Re4 Ng2 33. g5 hxg5 34.
hxg5 Bxg5 35. Nxg5 Rxg5 36. Re7+ Kf6 37. Rb7 Rd5 38. Rb6+ Kf5 39. Kb3 Ne3 40. a4
bxa4+ 41. Kxa4 g5 42. b4 axb4 43. cxb4 g4 44. Rb8 g3 45. Rg8 Ng4 46. Rf8+ Nf6
47. Rc8 g2 48. Rc1 Rd4 49. Ka5 Rg4 50. Rg1 Nd5 51. b5 Ke4 52. Ka6 Kf3 53. Ka7
Kf2 54. Rd1 g1=Q 55. Rxd5 Rg7+ 0-1

[Event "Reykjavik Open 2024"]
[Site "Reykjavik ISL"]
[Date "2024.03.17"]
[Round "4.81"]
[White "Mercure, Gilbert"]
[Black "Gortemaker, Lucas"]
[Result "0-1"]
[WhiteElo "1804"]
[BlackElo "2032"]
[WhiteFideId "2629585"]
[BlackFideId "1013394"]
[EventDate "2024.03.15"]

1. e4 c6 2. d4 d5 3. e5 Bf5 4. g4 Be4 5. f3 Bg6 6. e6 Qd6 7. exf7+ Bxf7 8. Bd3
Nd7 9. Ne2 e5 10. dxe5 Nxe5 11. Bf4 Nxf3+ 12. Kf2 Ne5 13. Bf5 g6 14. Nd4 Nd3+
15. Bxd3 Qxf4+ 16. Nf3 Bc5+ 17. Kg2 Qxg4+ 18. Kf1 Ne7 19. Qe2 O-O 20. Nbd2 Rae8
21. Qg2 Be6 22. h3 Qxg2+ 23. Kxg2 Bf5 24. Be2 Be4 25. Rhf1 Nf5 26. Rfe1 Ne3+ 27.
Kh1 Nxc2 28. Rec1 Be3 29. Nxe4 Nxa1 30. Rc3 Rxe4 0-1

[Event "Reykjavik Open 2024"]
[Site "Reykjavik ISL"]
[Date "2024.03.17"]
[Round "4.82"]
[White "Hermannsson, Sigurbjorn"]
[Black "Erlbeck, Peter"]
[Result "1-0"]
[WhiteElo "1791"]
[BlackElo "2014"]
[WhiteFideId "2325128"]
[BlackFideId "4642910"]
[EventDate "2024.03.15"]

1. e4 c5 2. Nf3 Nc6 3. d4 cxd4 4. Nxd4 Nf6 5. Nc3 e6 6. Be2 Bb4 7. O-O O-O 8.
Nxc6 bxc6 9. e5 Nd5 10. Ne4 f5 11. Nd6 Bxd6 12. exd6 a5 13. c4 Nf6 14. b3 a4 15.
b4 Ne4 16. Bf3 Qf6 17. Be3 Ng5 18. Bxg5 Qxg5 19. b5 Bb7 20. bxc6 Bxc6 21. Bxc6
dxc6 22. Qe2 Qf6 23. Rfe1 Kf7 24. Rab1 Rab8 25. Rxb8 Rxb8 26. Qe3 Rb7 27. Qc5
Qc3 28. Rf1 Qd3 29. Qxc6 Rb1 30. Qd7+ Kf6 31. Qe7+ Ke5 32. f4+ Kd4 33. Rxb1
Qxb1+ 34. Kf2 Qb2+ 35. Kg3 Qc3+ 36. Kh4 Qe1+ 37. g3 Qe2 38. Qxg7+ Kxc4 39. h3 1-0

[Event "Reykjavik Open 2024"]
[Site "Reykjavik ISL"]
[Date "2024.03.17"]
[Round "4.83"]
[White "Franco, Gaston"]
[Black "Wedenberg, Oliver"]
[Result "1-0"]
[WhiteElo "2021"]
[BlackElo "1780"]
[WhiteFideId "117722"]
[BlackFideId "1767909"]
[EventDate "2024.03.15"]

1. e4 c5 2. Nf3 Nc6 3. d4 cxd4 4. Nxd4 e5 5. Nb5 d6 6. c4 Be7 7. Be2 f5 8. exf5
Bxf5 9. O-O Nf6 10. N1c3 a6 11. Na3 Nd4 12. Bf3 Qd7 13. Bd5 Be6 14. Be3 Bxd5 15.
Nxd5 Nxd5 16. cxd5 Nf5 17. Nc4 Qb5 18. b3 O-O 19. Qd2 Nxe3 20. Qxe3 Rf4 21. Qh3
Rf6 22. Rac1 Raf8 23. Ne3 Bd8 24. Rc8 Qa5 25. a4 Qd2 26. Rc2 Qd3 27. Rc8 Qxb3
28. Ng4 Qxd5 29. Nxf6+ Bxf6 30. Rxf8+ Kxf8 31. Qxh7 Qb3 32. Qb1 Qxa4 33. Qxb7
Be7 34. Rc1 Qa3 35. Qc8+ Kf7 36. Qf5+ Bf6 37. Rc7+ Kg8 38. Rc8+ Kf7 39. g4 Qh3
40. Rc7+ Kg8 41. Qg6 Qh4 42. h3 Kf8 43. Qf7# 1-0

[Event "Reykjavik Open 2024"]
[Site "Reykjavik ISL"]
[Date "2024.03.17"]
[Round "4.84"]
[White "Phan, Stefanus Kf"]
[Black "Wallasch, Stefan"]
[Result "1/2-1/2"]
[WhiteElo "2019"]
[BlackElo "1777"]
[WhiteFideId "5806283"]
[BlackFideId "34646043"]
[EventDate "2024.03.15"]

1. c4 e6 2. g3 d5 3. Bg2 Nf6 4. Nf3 Be7 5. O-O O-O 6. d4 b6 7. Nc3 Bb7 8. b3
Nbd7 9. Bb2 c5 10. cxd5 Nxd5 11. Nxd5 Bxd5 12. Qd2 cxd4 13. Nxd4 Bxg2 14. Kxg2
Nf6 15. Rfd1 Qd5+ 16. f3 Rfd8 17. Qe1 Qb7 18. Rac1 Rac8 19. Rxc8 Rxc8 20. Rc1
Nd5 21. a3 Bf6 22. e4 Ne7 23. Rxc8+ Nxc8 24. e5 Bd8 25. Qc3 Ne7 26. a4 Qc7 27.
Qxc7 Bxc7 28. Nb5 Bb8 29. Ba3 Nc6 30. Bd6 a6 31. Bxb8 Nxb8 32. Nd6 1/2-1/2

[Event "Reykjavik Open 2024"]
[Site "Reykjavik ISL"]
[Date "2024.03.17"]
[Round "4.85"]
[White "Cherukuri, Nitesh"]
[Black "Hu, Zhening"]
[Result "1/2-1/2"]
[WhiteElo "2000"]
[BlackElo "1776"]
[WhiteFideId "30978688"]
[BlackFideId "8622795"]
[EventDate "2024.03.15"]

1. e4 e5 2. Nf3 Nc6 3. Bc4 Bc5 4. c3 Nf6 5. d3 d6 6. O-O O-O 7. Re1 h6 8. Nbd2
Bb6 9. Nf1 Be6 10. Bxe6 fxe6 11. Ng3 Qe8 12. Be3 Qf7 13. Qc2 Nh5 14. Bxb6 axb6
15. d4 Nf4 16. Re3 Qf6 17. Qd1 b5 18. a4 bxa4 19. Rxa4 b5 20. dxe5 Nxe5 21. Rxa8
Rxa8 22. Nxe5 Qxe5 23. Ne2 Nxe2+ 24. Rxe2 Ra4 25. Qe1 Qc5 26. g3 e5 27. Kg2 Qc6
28. f3 1/2-1/2

[Event "Reykjavik Open 2024"]
[Site "Reykjavik ISL"]
[Date "2024.03.17"]
[Round "4.86"]
[White "Pozimski, Szymon"]
[Black "Osorio Ferrer, Roberto Eduardo"]
[Result "1-0"]
[WhiteElo "1999"]
[BlackElo "1776"]
[WhiteFideId "1138855"]
[BlackFideId "3964612"]
[EventDate "2024.03.15"]

1. Nf3 Nf6 2. c4 c6 3. Nc3 d5 4. e3 a6 5. Qb3 b5 6. cxd5 cxd5 7. a4 b4 8. Na2
Nc6 9. d4 Bf5 10. Bd2 e6 11. Nc1 Na5 12. Qa2 Rc8 13. Bxa6 Bd6 14. Bxc8 Qxc8 15.
Nb3 Nc4 16. O-O Ne4 17. Rfc1 Qb8 18. h3 g5 19. Be1 g4 20. hxg4 Bxg4 21. a5 Bxf3
22. Qa4+ Ke7 23. gxf3 Rg8+ 24. Kf1 Ng5 25. Ke2 Nxb2 26. Qc6 Rc8 27. Qb6 Qxb6 28.
axb6 Rb8 29. Ra7+ Kf6 30. b7 Nc4 31. Nc5 b3 32. Nd7+ Kg6 33. Nxb8 1-0

[Event "Reykjavik Open 2024"]
[Site "Reykjavik ISL"]
[Date "2024.03.17"]
[Round "4.87"]
[White "Bik, Wouter"]
[Black "Mistilioglou, Athanasios"]
[Result "1-0"]
[WhiteElo "1998"]
[BlackElo "1772"]
[WhiteFideId "1037749"]
[BlackFideId "25855344"]
[EventDate "2024.03.15"]

1. g3 g6 2. Bg2 Bg7 3. d4 Nf6 4. c4 d6 5. Nf3 O-O 6. O-O Nc6 7. Nc3 a6 8. h3 Rb8
9. a4 Na5 10. b3 c5 11. e3 Bd7 12. Bd2 Qb6 13. Ra3 Nc6 14. a5 Qc7 15. dxc5 dxc5
16. e4 e6 17. Be3 Nxa5 18. Bf4 Qb6 19. Bxb8 Rxb8 20. e5 Nd5 21. cxd5 Qb4 22. Nb1
exd5 23. Qxd5 Be6 24. Qd2 Nxb3 25. Qxb4 cxb4 26. Ra2 Nd4 27. Rb2 Nxf3+ 28. Bxf3
a5 29. Re1 f6 30. exf6 Bxf6 31. Rxb4 axb4 32. Rxe6 Bg5 33. Rb6 Be7 34. Rxb7 Rxb7
35. Bxb7 Kg7 36. Kf1 Kf6 37. Ke2 g5 38. Nd2 h6 39. Kd3 Kf5 40. Be4+ Ke5 41. Nc4+
Kf6 42. Ne3 Ke6 43. f4 gxf4 44. gxf4 Bf8 45. f5+ Ke5 46. Nd5 b3 47. Ke3 Bg7 48.
Nf4 Bf6 49. Kf3 Bg5 50. Ne6 Be7 51. Bb1 Kf6 52. Kg4 Kf7 53. Kh5 Bf6 54. Kxh6 Bh4
55. Ng5+ Kf6 56. Nh7+ Kf7 57. Bd3 Kg8 58. Bc4+ Kh8 59. Bxb3 Bf6 60. Kg6 Bh4 61.
Ng5 Be1 62. Kf7 Bh4 63. Ne6 Bg5 64. Nf8 Bd8 65. f6 Bxf6 66. Ng6+ Kh7 67. Kxf6
Kh6 68. h4 Kh7 69. Kg5 Kg7 70. Bc2 Kh7 71. h5 Kg8 72. Ne5 Kg7 73. h6+ Kh8 74.
Kf6 Kg8 75. h7+ Kh8 76. Nf7# 1-0

[Event "Reykjavik Open 2024"]
[Site "Reykjavik ISL"]
[Date "2024.03.17"]
[Round "4.88"]
[White "Wolterink, Jule"]
[Black "Anishka, Vikram"]
[Result "0-1"]
[BlackTitle "WCM"]
[WhiteElo "1720"]
[BlackElo "1995"]
[WhiteFideId "12981206"]
[BlackFideId "45013314"]
[EventDate "2024.03.15"]

1. d4 d5 2. Nf3 Nf6 3. c3 e6 4. Bf4 c5 5. e3 Nc6 6. Nbd2 Bd6 7. Bd3 Bxf4 8. exf4
cxd4 9. cxd4 Qb6 10. Nb3 a5 11. a4 Qb4+ 12. Ke2 O-O 13. Bb5 Na7 14. Bd3 Bd7 15.
Nc5 Qxb2+ 16. Bc2 Qb6 17. Rb1 Qd6 18. Rxb7 Bc8 19. Rb3 Nd7 20. Qd3 g6 21. Qe3
Nc6 22. Nxd7 Bxd7 23. Ne5 Nb4 24. Rb2 Nxc2 25. Rxc2 Bxa4 26. Rc5 Qa6+ 27. Kd2
Qb6 28. Qc3 Rfb8 29. Nd3 Be8 30. Ra1 a4 31. Kc2 Qd6 32. g3 Rb3 33. Qe1 Qb6 34.
Qc1 Qa6 35. Qd2 Rab8 36. Ra5 Qc4+ 0-1

[Event "Reykjavik Open 2024"]
[Site "Reykjavik ISL"]
[Date "2024.03.17"]
[Round "4.89"]
[White "Frank, Anton 2006"]
[Black "Pointier, Pierre"]
[Result "1-0"]
[WhiteElo "1996"]
[BlackElo "1698"]
[WhiteFideId "1752383"]
[BlackFideId "343104638"]
[EventDate "2024.03.15"]

1. d4 d5 2. Nc3 Nf6 3. Bf4 a6 4. e3 Bf5 5. Nf3 e6 6. Ne5 c5 7. g4 Bg6 8. h4 h6
9. Nxg6 fxg6 10. Bd3 Nc6 11. Bxg6+ Kd7 12. dxc5 Bxc5 13. Qf3 Qe7 14. O-O-O Bd6
15. Bxd6 Qxd6 16. g5 Ne8 17. Nxd5 1-0